Statistics for The Deadliest Viruses/Bacteria

Click here to take the quiz!

General Stats

  • This quiz has been taken 181 times
    (171 since last reset)
  • The average score is 9 of 26

Answer Stats

Mortality rateVirus/Bacteria% Correct
1% - 9%Coronavirus
85%
90%Ebola
79%
0.01%Influenza
64%
95%Smallpox
62%
43%Aids
60%
2.3%SARS-CoV
54%
80% - 90%HIV
50%
80% - 90%Malaria
44%
50% - 70%Bubonic Plague
42%
15% - 30%Polio
40%
20% - 30%Dengue Virus
37%
20% - 50%Yellow fever
32%
40%Tuberculosis
31%
50%Spanish flu
30%
30% - 40%MERS-CoV
25%
2% - 3%Cholera
24%
60%Bird flu
20%
80%Herpes B Virus
19%
50%Tetanus
19%
85%Anthrax (Pulmonary)
15%
5% - 36%Hantavirus
11%
23% - 90%Marburg Virus
7%
100%Brain eating amoeba
6%
100%Balamuthia
2%
2%Brucellosis
1%
80%Lujo virus
1%

Score Distribution

Percentile by Number Answered

Percent of People with Each Score

Your Score History

You have not taken this quiz since the last reset